[Event "TCh-Serbia & Montenegro"]
[Site "Budva YUG"]
[Date "2003.05.18"]
[Round "?"]
[White "Antic,D"]
[Black "Markovic,Miros"]
[Result "0-1"]
[WhiteElo "2450"]
[BlackElo "2504"]

1.d4 Nf6 2.Nf3 g6 3.c4 Bg7 4.Nc3 O-O 5.e4 d6 6.Be2 e5 7.Be3 h6 8.O-O Ng4
9.Bc1 Nc6 10.d5 Ne7 11.Ne1 f5 12.Bxg4 fxg4 13.Be3 g5 14.c5 Ng6 15.Rc1 Rf7
16.cxd6 cxd6 17.a4 a6 18.Nc2 Bd7 19.Na3 Rc8 20.b3 h5 21.Nc4 Be8 22.Ne2 b5
23.axb5 Bxb5 24.Ng3 Nf4 25.Nf5 Bf8 26.h3 gxh3 27.Bxf4 exf4 28.Qxh5 Qf6 29.gxh3 Rh7
30.Qg4 Bd7 31.Nb6 Bxf5 32.Qxf5 Qxf5 33.exf5 Rb8 34.Rc6 Rxh3 35.Nd7 Rb7 36.Nxf8 Kxf8
37.Rxd6 Rbh7 38.f3 g4 39.Rf6+ Ke7 40.Re6+ Kd7 41.fxg4 Rg3+ 42.Kf2 Rh2+ 43.Ke1 Rxb3
44.Re2 Rb1+ 45.Kd2 Rb2+ 46.Kd3 Rhxe2 47.Rxf4 Rbd2+ 48.Kc4 Kd6 49.g5 Rf2 50.Rh4 Rxf5
51.Rh6+ Ke7  0-1

[Event "TCh-Serbia & Montenegro"]
[Site "Budva YUG"]
[Date "2003.05.18"]
[Round "?"]
[White "Markus,R"]
[Black "Solak,D"]
[Result "1/2-1/2"]
[WhiteElo "2472"]
[BlackElo "2514"]

1.d4 d6 2.Nf3 Nf6 3.c4 g6 4.Nc3 Bg7 5.e4 O-O 6.Be2 e5 7.d5 Na6 8.Be3 Ng4
9.Bg5 f6 10.Bh4 Qe8 11.h3 Nh6 12.g4 f5 13.Nd2 Nc5 14.f3 a5 15.Qc2 c6 16.O-O-O cxd5
17.cxd5 Bd7 18.Nc4 fxe4 19.Nxd6 Qb8 20.Ndxe4 Nxe4 21.fxe4 Qd6 22.Kb1 Rfc8
23.Qd2 Nf7 24.Bf2 Bh6 25.Be3 Bxe3 26.Qxe3 b5 27.Nxb5 Bxb5 28.Bxb5 Qb4 29.Qb3 Qxe4+
30.Bd3 Qg2 31.d6 a4 32.Qa3 Rab8 33.d7 Rd8 34.Bc2 Rxd7 35.Rxd7 Qxh1+ 36.Rd1 Qh2
37.Bxa4 Kg7 38.Qc3 Rb7 39.Bb3 Qf4 40.Re1 Re7 41.a4 Kh6 42.Qc5 Rb7 43.h4 Kg7
44.Qd5 Re7 45.Bc4 Qxg4 46.Rf1 Nh6 47.a5 Nf5 48.Re1 Qf4 49.Re4 Qg3 50.Ka2 Kh6
51.a6 Rc7 52.Qd3 Qh2 53.Qe2 Qxe2 54.Bxe2 Ng3 55.Ra4 Nxe2 56.a7 Rc8 57.a8=Q Rxa8
58.Rxa8 Kh5 59.Re8 Nc1+ 60.Kb1 Nd3 61.Kc2 Nxb2 62.Kxb2 Kxh4 63.Kc2 Kg3 64.Kd2 h5
65.Ke2 Kf4 66.Rh8 Kg4 67.Kf2 g5 68.Re8 Kf4 69.Rf8+ Kg4 70.Rf3 h4 71.Re3 Kf4
72.Rf3+ Kg4 73.Re3 Kf4 74.Rf3+ Kg4  1/2-1/2

[Event "TCh-Serbia & Montenegro"]
[Site "Budva YUG"]
[Date "2003.05.18"]
[Round "?"]
[White "Djukanovic,S"]
[Black "Antic,D"]
[Result "0-1"]
[WhiteElo "2355"]
[BlackElo "2450"]

1.d4 Nf6 2.c4 g6 3.Nc3 Bg7 4.e4 d6 5.Nf3 O-O 6.Be2 e5 7.O-O Na6 8.Be3 Ng4
9.Bg5 Qe8 10.dxe5 dxe5 11.h3 f6 12.Bc1 Nh6 13.Qc2 Nf7 14.a3 c6 15.b4 Qe7
16.c5 Nc7 17.Re1 Kh8 18.Bb2 Ne6 19.Rad1 Nfg5 20.Nxg5 Nd4 21.Qd3 fxg5 22.Bg4 Bxg4
23.hxg4 Rad8 24.Qf1 Qe6 25.Ne2 Qxg4 26.Nxd4 exd4 27.Qc4 Qf4 28.Re2 Be5 29.g3 Qf6
30.Rd3 Rd7 31.Red2 Rdd8 32.Kg2 h5 33.f3 h4 34.f4 gxf4 35.gxh4 Kg7 36.Rh3 Rh8
37.Kf1 Rxh4 38.Rxh4 Qxh4 39.Bxd4 Rxd4 40.Rxd4 Qh3+  0-1

[Event "TCh-Serbia & Montenegro"]
[Site "Budva YUG"]
[Date "2003.05.18"]
[Round "?"]
[White "Maksimovic,B"]
[Black "Arsovic,G"]
[Result "1-0"]
[WhiteElo "2387"]
[BlackElo "2451"]

1.Nf3 Nf6 2.d4 g6 3.c4 Bg7 4.Nc3 d6 5.e4 O-O 6.Be2 e5 7.O-O Na6 8.Be3 Ng4
9.Bg5 Qe8 10.dxe5 dxe5 11.h3 h6 12.Bd2 Nf6 13.Be3 Qe7 14.Qc1 Kh7 15.Nd5 Qd8
16.Rd1 Nxe4 17.c5 Bd7 18.Bxa6 bxa6 19.Qc4 f5 20.Qxa6 f4 21.Bd2 Nxc5 22.Qc4 Na4
23.Bc3 c6 24.Nf6+ Bxf6 25.Qxa4 Re8 26.Rd6 Qe7 27.Rad1 Bf5 28.Qxc6 Rac8 29.Qa4 Bg7
30.R6d5 Be6 31.Ra5 Rc4 32.Qb5 Rxc3 33.bxc3 e4 34.Rxa7 Qxa7 35.Qxe8 Qxa2 36.Nh4 e3
37.Qxg6+ Kh8 38.fxe3 fxe3 39.Rd8+ Bg8 40.Qf5  1-0

[Event "28th Elekes Mem IM"]
[Site "Budapest HUN"]
[Date "2003.05.19"]
[Round "3"]
[White "Petran,Pa"]
[Black "Roberts,P"]
[Result "1-0"]
[WhiteElo "2378"]
[BlackElo "2211"]

1.d4 Nf6 2.c4 g6 3.Nc3 Bg7 4.e4 d6 5.Be2 O-O 6.Nf3 e5 7.O-O Na6 8.Re1 c6
9.Rb1 exd4 10.Nxd4 Nc5 11.f3 a5 12.Bg5 h6 13.Be3 Nh5 14.Qd2 Qh4 15.Bf2 Qg5
16.Be3 Qh4 17.Bf1 f5 18.Bxh6 Be5 19.g3 Qf6 20.Rbd1 f4 21.Bxf8 Kxf8 22.g4 Ng7
23.Qf2 Nge6 24.Nce2 a4 25.Rd2 Ra6 26.Red1 Rb6 27.Nxe6+ Qxe6 28.Qh4 Qe7 29.Qh6+ Qg7
30.Qh4 Ne6 31.c5 g5 32.Qf2 Rxb2 33.Rxb2 Bxb2 34.cxd6 b5 35.h4 Bd7 36.hxg5 a3
37.Qa7 Nxg5 38.Bg2 Ne6  1-0

[Event "Bosnia GM"]
[Site "Sarajevo BIH"]
[Date "2003.05.19"]
[Round "2"]
[White "Damljanovic,B"]
[Black "Kozul,Z"]
[Result "0-1"]
[WhiteElo "2587"]
[BlackElo "2601"]

1.Nf3 Nf6 2.c4 g6 3.Nc3 Bg7 4.e4 d6 5.d4 O-O 6.Be2 e5 7.Be3 c6 8.d5 Ng4 9.Bg5 f6
10.Bh4 h5 11.Nd2 Nh6 12.f3 c5 13.Bd3 Nf7 14.a3 Bh6 15.Qe2 Nd7 16.Rb1 Kg7
17.Bc2 Rh8 18.Nf1 a5 19.Bf2 Nb6 20.h4 a4 21.Ne3 Bd7 22.Bd3 Nc8 23.Qc2 b6
24.Ke2 Ne7 25.Rbg1 Qc8 26.Kd1 Nd8 27.Qe2 Nb7 28.g4 hxg4 29.Nxg4 Bf4 30.Be3 Bxe3
31.Nxe3 Nd8 32.Qf2 Nf7 33.f4 exf4 34.Qxf4 Ne5 35.Be2 Rh6 36.h5 Qh8 37.Nf5+ Nxf5
38.exf5 g5 39.Ne4 Kf8 40.Qe3 Ke7 41.Rf1 Be8 42.Ng3 Kd8 43.Ke1 Kc7 44.Qc3 Rh7
45.Kf2 Bd7 46.Rb1 Re7 47.Kg2 Qh7 48.Rhf1 Ree8 49.Rbe1 Rg8 50.Bd3 g4 51.Rxe5 dxe5
52.Qd2 Rad8 53.Be4 Bc8 54.Qd1 Qd7 55.Rf2 Bb7 56.Rd2 Kb8 57.b3 axb3 58.Qxb3 Qc7
59.Rb2 Rd6 60.a4 Rh8 61.Rb1 Qg7 62.Qe3 Qh6 63.Qxh6 Rxh6 64.Bd3 Ka7 65.Be2 Ba6
66.Rc1 Rd8 67.Bxg4 Rg8 68.Kf3 Bc8 69.Ne4 Ka6 70.Rb1 Bd7 71.Rb2 Ka5 72.Nc3 Be8
73.Rh2 Kb4 74.Nd1 Kxc4 75.Ne3+ Kd3 76.Rb2 Bxh5 77.Rb3+ Kd4  0-1

[Event "Bosnia GM"]
[Site "Sarajevo BIH"]
[Date "2003.05.20"]
[Round "3"]
[White "Sokolov,I"]
[Black "Damljanovic,B"]
[Result "1-0"]
[WhiteElo "2677"]
[BlackElo "2587"]

1.d4 Nf6 2.c4 g6 3.Nc3 Bg7 4.e4 d6 5.Be2 O-O 6.Nf3 e5 7.O-O Na6 8.Re1 c6
9.Bf1 Bg4 10.d5 Qe7 11.h3 Bd7 12.Bg5 h6 13.Be3 Nc5 14.Nd2 cxd5 15.cxd5 Rfc8
16.Rc1 a5 17.Nc4 Ra6 18.a4 Qd8 19.f3 Bf8 20.Nb5 Bxb5 21.axb5 Raa8 22.Rc3 Nfd7
23.Qc2 a4 24.Nd2 h5 25.Rc1 h4 26.Qd1 Kh7 27.Qe1 Bh6 28.Bf2 Bg5 29.R1c2 Qe7
30.Kh1 Kg7 31.b6 Nxb6 32.f4 Bxf4 33.Bxh4 Bg5 34.Bf2 Nbd7 35.Nf3 Bf4 36.Bh4 f6
37.Nh2 Rh8 38.Bf2 Bxh2 39.Kxh2 b6 40.Bb5 Ra5 41.Qe2 Nf8 42.Bc6 Nh7 43.Ra3 Rf8
44.Rc4 Kh8 45.Rb4 Qd8 46.Bxa4 f5 47.exf5 gxf5 48.Bc2 Rxa3 49.bxa3 Nd7 50.Qh5 Qf6
51.Rh4 e4 52.Qxh7+  1-0

[Event "Bosnia GM"]
[Site "Sarajevo BIH"]
[Date "2003.05.21"]
[Round "4"]
[White "Dizdarevic,E"]
[Black "Movsesian,S"]
[Result "0-1"]
[WhiteElo "2491"]
[BlackElo "2659"]

1.Nf3 g6 2.c4 Bg7 3.e4 d6 4.d4 Nf6 5.Nc3 O-O 6.Be2 Na6 7.O-O e5 8.Be3 Ng4
9.Bg5 Qe8 10.dxe5 dxe5 11.h3 f6 12.Bd2 Nh6 13.c5 c6 14.Bxa6 bxa6 15.Qa4 Nf7
16.Rad1 Rb8 17.b3 Rb7 18.Nb1 f5 19.Na3 f4 20.Nc4 g5 21.Bc3 g4 22.hxg4 Bxg4
23.Rd3 Bxf3 24.Rxf3 Ng5 25.Rd3 f3 26.Bd2 Nh3+ 27.Kh2 Qg6 28.Rxf3 Rxf3 29.gxf3 Qh5
30.Ne3 Ng5+  0-1

[Event "TCh-Serbia & Montenegro"]
[Site "Budva YUG"]
[Date "2003.05.23"]
[Round "6"]
[White "Antic,D"]
[Black "Nevednichy,V"]
[Result "0-1"]
[WhiteElo "2450"]
[BlackElo "2569"]

1.d4 d6 2.Nf3 g6 3.c4 Bg7 4.Nc3 Nf6 5.e4 O-O 6.Be2 e5 7.Be3 Ng4 8.Bg5 f6
9.Bc1 Nc6 10.d5 Ne7 11.h3 Nh6 12.h4 Nf7 13.h5 f5 14.hxg6 Nxg6 15.Qd3 f4 16.Bd2 c5
17.a3 Bf6 18.b4 b6 19.Kd1 Kg7 20.Kc2 Bd7 21.Kb2 Rh8 22.Bd1 Qe8 23.Bb3 h5
24.Qc2 a6 25.Qd3 h4 26.Bd1 Rb8 27.Be2 b5 28.cxb5 axb5 29.Qb1 Bd8 30.Qf1 Nh6
31.Bd3 Ng4 32.Nh2 Nxh2 33.Rxh2 cxb4 34.axb4 Bb6 35.Kb3 Bd4 36.Ra5 Qd8 37.Nxb5 Bxb5
38.Rxb5 Rxb5 39.Bxb5 Qb6 40.Qc4 Rb8 41.Ba4 Bxf2 42.Rh1 Kh6 43.Bc6 Be3 44.Bc3  0-1

[Event "12th Chicago Open"]
[Site "Oak Brook USA"]
[Date "2003.05.24"]
[Round "2"]
[White "Baker,JonC"]
[Black "Yermolinsky,A"]
[Result "0-1"]
[WhiteElo "2003"]
[BlackElo "2552"]

1.d4 Nf6 2.c4 g6 3.Nc3 Bg7 4.e4 d6 5.Nf3 O-O 6.Be2 e5 7.dxe5 dxe5 8.Qxd8 Rxd8
9.Nd5 Na6 10.Bg5 Rd6 11.Bxf6 Bxf6 12.Nxf6+ Rxf6 13.O-O-O Bg4 14.Rd5 Re8 15.Rhd1 Rf4
16.h3 Rxe4 17.Bd3 Bxf3 18.gxf3 Rf4 19.a3 c6 20.Rd7 Nc5 21.Rc7 Rxf3 22.Bc2  0-1

[Event "Bosnia GM"]
[Site "Sarajevo BIH"]
[Date "2003.05.24"]
[Round "6"]
[White "Damljanovic,B"]
[Black "Movsesian,S"]
[Result "1/2-1/2"]
[WhiteElo "2587"]
[BlackElo "2659"]

1.c4 Nf6 2.Nc3 g6 3.e4 d6 4.d4 Bg7 5.Be2 O-O 6.Nf3 Na6 7.O-O e5 8.Re1 Qe8
9.dxe5 dxe5 10.h3 c6 11.Be3 Nd7 12.a3 f5 13.b4 Kh8 14.Bf1 Nc7 15.Bc1 Ne6
16.Bb2 f4 17.Ne2 Qe7 18.Nc1 Nd8 19.c5 b6 20.Qd6 Qe8 21.Bc4 bxc5 22.Nd3 Nb6
23.Ndxe5 Na4 24.Nxg6+ hxg6 25.Bxg7+ Kxg7 26.bxc5 Kh6 27.e5 Nb7 28.Qd4 Naxc5
29.e6 Bxe6 30.Ne5 Qd8 31.Qc3 Bxc4 32.Ng4+ Kh7 33.Qxc4 Qc7 34.Re5 Rf7 35.Rae1 Raf8
36.Nf6+ Kg7 37.Ne8+ Rxe8 38.Rxe8 Qd6 39.Ra8 f3 40.Ree8 fxg2 41.Qh4 Qd1+  1/2-1/2

[Event "12th Chicago Open"]
[Site "Oak Brook USA"]
[Date "2003.05.25"]
[Round "5"]
[White "Stauffer,C"]
[Black "Bereolos,P"]
[Result "0-1"]
[WhiteElo "2171"]
[BlackElo "2308"]

1.d4 Nf6 2.c4 g6 3.Nc3 Bg7 4.e4 d6 5.Be2 O-O 6.Nf3 e5 7.O-O Na6 8.Re1 c6
9.h3 exd4 10.Nxd4 Re8 11.Bf3 Nd7 12.Be2 Nac5 13.Bf1 a5 14.Nf3 Ne5 15.Be3 Qe7
16.Qd2 Nxf3+ 17.gxf3 Ne6 18.Rad1 a4 19.a3 Qh4 20.Qxd6 Ng5 21.Bxg5 Qxg5+ 22.Qg3 Qc5
23.e5 Bf5 24.f4 f6 25.Ne4 Bxe4 26.Rxe4 fxe5 27.Rde1 Re6 28.fxe5 Rae8 29.b4 axb3
30.Qxb3 Rxe5 31.Rxe5 Bxe5 32.Kg2 Rf8 33.Re3 Bd4 34.Rf3 Bxf2 35.Rxf8+ Qxf8
36.Qxb7 Bd4 37.h4 Qf2+ 38.Kh3 Qxf1+ 39.Kh2 Be5+  0-1

[Event "Bosnia GM"]
[Site "Sarajevo BIH"]
[Date "2003.05.25"]
[Round "7"]
[White "Dizdarevic,E"]
[Black "Shirov,A"]
[Result "1/2-1/2"]
[WhiteElo "2491"]
[BlackElo "2735"]

1.Nf3 Nf6 2.c4 g6 3.Nc3 Bg7 4.e4 d6 5.d4 O-O 6.Be2 Na6 7.O-O e5 8.Be3 Ng4
9.Bg5 Qe8 10.dxe5 dxe5 11.h3 f6 12.Bd2 Nh6 13.c5 c6 14.b4 Nf7 15.Qb3 Nc7
16.Bc4 Ne6 17.Ne2 Kh8 18.Bc3 b6 19.Qa3 Bd7 20.Rfd1 b5 21.Bb3 Qc8 22.Bd2 Qc7
23.Qb2 a5 24.a3 a4 25.Ba2 Rad8 26.Qc2 Qc8 27.Rac1 Nc7 28.Bc3 Be6 29.Ng3 Bh6
30.Ra1 Kg7 31.Nf1 Bf4 32.Bd2 Bxa2 33.Rxa2 Ne6 34.Qc1 h5 35.h4 Nd4 36.Nxd4 Rxd4
37.Bxf4 Rxd1 38.Bh6+ Nxh6 39.Qxd1 Rd8 40.Rd2 Rxd2 41.Qxd2 Nf7 42.Qd3 Qe6
43.Nd2 Kf8 44.Kf1 Qg4 45.Nf3 Ke8 46.Qe3 Qd7 47.Ke1 Ke7 48.g3 Qe6 49.Ng1 Qa2
50.Ne2 Qb1+ 51.Kd2 g5 52.Qf3 Qb2+ 53.Kd1 Qa1+ 54.Kd2 Qf1 55.Nc3 gxh4 56.gxh4 Nd8
57.Nd1 Qc4 58.Ne3 Qa2+ 59.Kd1 Qb1+ 60.Kd2 Qb2+ 61.Kd1 Qb1+ 62.Kd2  1/2-1/2

[Event "Bosnia GM"]
[Site "Sarajevo BIH"]
[Date "2003.05.25"]
[Round "7"]
[White "Kasimdzhanov,R"]
[Black "Damljanovic,B"]
[Result "1/2-1/2"]
[WhiteElo "2680"]
[BlackElo "2587"]

1.d4 Nf6 2.c4 g6 3.Nc3 Bg7 4.e4 d6 5.Nf3 O-O 6.Be2 e5 7.O-O Na6 8.Be3 c6
9.dxe5 dxe5 10.Qxd8 Rxd8 11.h3 Re8 12.a3 Bf8 13.b4 b6 14.Nd2 Bb7 15.Rab1 Rad8
16.c5 bxc5 17.b5 Nc7 18.b6 axb6 19.Rxb6 Ba8 20.Rfb1 Nd7 21.R6b2 Ne6 22.Nc4 Nd4
23.Bf1 Nb5 24.Na2 Nd6 25.Nxd6 Bxd6 26.Nc3 c4 27.a4 Bc5 28.Rd2 Bxe3 29.fxe3 Nc5
30.Rxd8 Rxd8 31.Bxc4 Kf8 32.a5 Ke7 33.a6 Rd7 34.Rb2 Ra7 35.Ra2 Kd6 36.Ra5 f6
37.Kf2 Nd7 38.Ke1 Bb7 39.Na4 Bc8 40.Kd2 Kc7 41.Kc3 Nb8 42.Nc5 Kb6 43.Kb4 Bxa6
44.Na4+ Kc7 45.Nc5 Kb6 46.Na4+ Kc7 47.Nc5 Kb6 48.Na4+  1/2-1/2

[Event "Bosnia GM"]
[Site "Sarajevo BIH"]
[Date "2003.05.27"]
[Round "9"]
[White "Dizdarevic,E"]
[Black "Kozul,Z"]
[Result "1/2-1/2"]
[WhiteElo "2491"]
[BlackElo "2601"]

1.Nf3 Nf6 2.c4 g6 3.Nc3 Bg7 4.e4 d6 5.d4 O-O 6.Be2 c6 7.O-O e5 8.d5 Na6 9.Bg5 h6
10.Bh4 Bd7 11.Nd2 Qb6 12.Rb1 Rfc8 13.Kh1 Qc7 14.dxc6 Qxc6 15.b4 Nc7 16.b5 Qb6
17.Nb3 Ne6 18.f3 Nf4 19.c5 Qd8 20.Na4 Be6 21.Re1 Nxe2 22.Rxe2 Bxb3 23.axb3 dxc5
24.Qxd8+ Rxd8 25.Nxc5 b6 26.Na6 g5 27.Bg3 Ne8 28.Rc2 Nd6 29.Nc7 Rac8 30.Rc3 Ne8
31.Nd5 Rxc3 32.Nxc3 Rd3 33.Nd5 Nd6 34.h3 Nxb5 35.b4 Nc3 36.Nxc3 Rxc3 37.Ra1 Rc7
38.h4 f6 39.Kh2 Kf7 40.h5 Bf8 41.b5 Bc5 42.Kh3 Ke6 43.Kg4 Bd4 44.Ra4 Bc3
45.Bf2 Ba5 46.Be3 Rc2 47.g3 Rc7 48.Ra1 Bb4 49.Rc1 Bc5 50.Rc3 Rc8  1/2-1/2

[Event "4th IECC"]
[Site "Istanbul TUR"]
[Date "2003.05.30"]
[Round "1"]
[White "Ataman,A"]
[Black "Nataf,IA"]
[Result "0-1"]
[WhiteElo "2161"]
[BlackElo "2559"]

1.d4 Nf6 2.c4 g6 3.Nc3 Bg7 4.e4 d6 5.Nf3 O-O 6.Be2 Na6 7.O-O e5 8.Be3 Ng4
9.Bg5 Qe8 10.h3 h6 11.Bc1 exd4 12.Nxd4 Nf6 13.Bf3 Nh7 14.Re1 Ng5 15.Ndb5 Qd8
16.Be3 c6 17.Nd4 Re8 18.Rc1 Nc5 19.Bxg5 Qxg5 20.b4 Ne6 21.Nde2 Qe7 22.Bg4 a5
23.b5 Nc5 24.Bxc8 Raxc8 25.bxc6 bxc6 26.Ng3 Be5 27.Nce2 Qh4 28.Qd2 a4 29.f4 Bg7
30.Kh2 Qf6 31.Nc3 h5 32.Qe3 Qd4 33.Qf3 h4 34.Nge2 Qxc4 35.Red1 Nxe4 36.Nxe4 Qxe4  0-1

[Event "4th IECC"]
[Site "Istanbul TUR"]
[Date "2003.06.01"]
[Round "3"]
[White "Glek,I"]
[Black "Kozul,Z"]
[Result "1-0"]
[WhiteElo "2551"]
[BlackElo "2601"]

1.d4 Nf6 2.c4 g6 3.Nc3 Bg7 4.e4 d6 5.Be2 O-O 6.Nf3 c6 7.O-O e5 8.Re1 Na6
9.Bf1 Bg4 10.d5 Nb4 11.Be2 a5 12.Bg5 Na6 13.h3 Bd7 14.Qd2 Nc5 15.Bf1 cxd5
16.Nxd5 Bc6 17.Qc2 Ne6 18.Bh4 h6 19.Rad1 g5 20.Bg3 Nc5 21.Nd2 h5 22.Be2 h4
23.Bh2 Bd7 24.Nxf6+ Qxf6 25.Nf1 Qg6 26.Bg4 Bxg4 27.hxg4 Rfc8 28.Ne3 Bf8 29.Nf5 Rc6
30.Rd5 Nd7 31.Qe2 Nb6 32.Rb5 Nxc4 33.Rxb7 Rac8 34.Kh1 Qe6 35.Rd1 f6 36.Bg1 Nb6
37.f3 Na4 38.Qb5 Qxa2 39.Ra7 Nxb2 40.Rxa5 Qf7 41.Qxb2 Rc2 42.Qb5 h3 43.g3 R8c3
44.Rd3 Rb2 45.Qxb2 Rxd3 46.Ra8  1-0

[Event "4th IECC"]
[Site "Istanbul TUR"]
[Date "2003.06.01"]
[Round "3"]
[White "Dzhakaev,D"]
[Black "Duman,A"]
[Result "1-0"]
[WhiteElo "2465"]
[BlackElo "2185"]

1.Nf3 Nf6 2.c4 g6 3.Nc3 Bg7 4.e4 d6 5.d4 O-O 6.Be2 e5 7.O-O Na6 8.Re1 Qe8
9.Bf1 Bg4 10.d5 Nh5 11.h3 Bd7 12.Rb1 f5 13.b4 Nf6 14.exf5 gxf5 15.c5 dxc5
16.b5 Nb8 17.Bc4 e4 18.Ng5 Kh8 19.Ne6 Bxe6 20.dxe6 c6 21.Qd6 cxb5 22.Nxb5 Nc6
23.Qxc5 b6 24.Qxf5 Rd8 25.Ba3 Ne7 26.Qg5 h6 27.Qc1 Rg8 28.Nc7 Qf8 29.Ba6 Nh5
30.Rxe4 Rd4 31.Bxe7 Qxe7 32.Rxd4 Bxd4 33.Qxh6+ Qh7 34.Qxh7+ Kxh7  1-0

[Event "IEWCC"]
[Site "Istanbul TUR"]
[Date "2003.06.02"]
[Round "1"]
[White "Javakhishvili,L"]
[Black "Topel,Z"]
[Result "1-0"]
[WhiteElo "2336"]
[BlackElo "2092"]

1.d4 Nf6 2.c4 g6 3.Nc3 Bg7 4.e4 d6 5.Nf3 O-O 6.Be2 e5 7.Be3 Ng4 8.Bg5 f6
9.Bh4 exd4 10.Nxd4 Ne5 11.f4 Nf7 12.O-O Nc6 13.Bf2 f5 14.exf5 Nxd4 15.Bxd4 Bxf5
16.Nd5 Nh6 17.Bxg7 Kxg7 18.Qd4+ Kg8 19.Rad1 Be6 20.Bf3 Nf5 21.Qe4 Bf7 22.g4 Re8
23.Qd3 Ng7 24.Qc3 Rf8 25.Nf6+ Kh8 26.g5 Qc8 27.Bg4 Be6 28.Bxe6 Qxe6 29.Rde1 Qf7
30.Rf3 h5 31.Rfe3 b5 32.Re7 Qxc4 33.Rxg7 Rxf6 34.Qxc4  1-0

[Event "IEWCC"]
[Site "Istanbul TUR"]
[Date "2003.06.02"]
[Round "1"]
[White "Peng Zhaoqin"]
[Black "Smokina,K"]
[Result "1-0"]
[WhiteElo "2433"]
[BlackElo "2269"]

1.d4 Nf6 2.c4 g6 3.Nc3 Bg7 4.e4 d6 5.Be2 O-O 6.Nf3 e5 7.d5 a5 8.Bg5 h6 9.Bh4 Qe8
10.Nd2 Na6 11.O-O Nh7 12.a3 Bd7 13.Nb5 h5 14.f3 Bh6 15.b3 Be3+ 16.Kh1 Bc5
17.Ra2 c6 18.Nc3 Bd4 19.Ndb1 Nc7 20.f4 cxd5 21.Nxd5 Nxd5 22.cxd5 f5 23.fxe5 Bxe5
24.exf5 Bxf5 25.Nd2 Nf6 26.Bxf6 Rxf6 27.Nc4 Kg7 28.Bf3 Qf7 29.Re1 Bg4 30.Bxg4 hxg4
31.Nxe5 dxe5 32.Rae2 Rf8 33.Kg1 Qc7 34.Qc1 Qxc1 35.Rxc1 Rb6 36.Rc3 Rd6 37.Rxe5 Kf6
38.Re4 Rxd5 39.Rxg4 Kg7 40.h3 Rf7 41.Kh2 Kh6 42.Rh4+ Kg7 43.Rhc4 Kh6 44.Rc5 Rff5
45.b4 axb4 46.axb4 b6 47.Rxd5 Rxd5 48.Rc4 Kg5 49.Kg1 Rf5 50.Rg4+ Kf6 51.Re4 Kg5
52.Rd4 Kh6 53.Kh2 Rg5 54.Rf4 Kg7 55.Kg1 Rd5 56.Kf2 g5 57.Rc4 b5 58.Rc5 Rxc5
59.bxc5 Kf6 60.g3 b4 61.Ke3 Ke5 62.h4 gxh4 63.gxh4 Kd5 64.h5 b3 65.Kd3  1-0

[Event "4th IECC"]
[Site "Istanbul TUR"]
[Date "2003.06.03"]
[Round "5"]
[White "Lastin,A"]
[Black "Ivanisevic,I"]
[Result "1/2-1/2"]
[WhiteElo "2632"]
[BlackElo "2569"]

1.d4 Nf6 2.c4 g6 3.Nc3 Bg7 4.e4 d6 5.Nf3 O-O 6.Be2 e5 7.O-O Na6 8.Be3 Ng4
9.Bg5 Qe8 10.h3 f6 11.Bd2 Nh6 12.Rb1 Nf7 13.d5 Qe7 14.b4 f5 15.Rb3 c5 16.dxc6 bxc6
17.Be3 Nc7 18.a4 Ne6 19.b5 c5 20.Nd5 Qd7 21.a5 Rb8 22.a6 Nd4 23.Bxd4 cxd4
24.Nd2 Ng5 25.b6 axb6 26.c5 b5 27.Bxb5 Rxb5 28.c6 Qf7 29.Rxb5 Bxa6 30.Rb6 Bxf1
31.Rb7 Qe6 32.Ne7+ Kh8 33.exf5 gxf5 34.Qxf1 e4 35.c7 Nxh3+ 36.Kh2 Nf4 37.g3 Qh6+
38.Kg1 Nh3+ 39.Qxh3 Qxh3 40.Rb8 f4 41.Rxf8+ Bxf8 42.c8=Q Qxc8 43.Nxc8 e3
44.fxe3 dxe3 45.Nf3 fxg3 46.Kg2 d5 47.Nb6 d4 48.Nc4 Bc5 49.Nb2 Kg7 50.Kxg3 Kf6
51.Nd3 Bb6 52.Kf4 h5 53.Ke4 e2 54.Nf4  1/2-1/2

[Event "Golden Cleopatra"]
[Site "Cairo EGY"]
[Date "2003.06.04"]
[Round "4"]
[White "Eldardery,A"]
[Black "Zozulia,A"]
[Result "0-1"]
[WhiteElo "2136"]
[BlackElo "2336"]

1.d4 Nf6 2.c4 g6 3.Nc3 Bg7 4.e4 d6 5.Nf3 O-O 6.Be2 Na6 7.O-O e5 8.d5 c6 9.dxc6 bxc6
10.Bg5 h6 11.Bxf6 Qxf6 12.Nd2 Be6 13.Rb1 Qe7 14.b4 Nc7 15.Qa4 Bd7 16.Qa5 Ne6
17.Rfd1 Nd4 18.Bf1 Bg4 19.Re1 Qg5 20.Re3 f5 21.Nb3 Nf3+ 22.Kh1 Qh4 23.gxf3 Qxf2
24.fxg4 Qxe3 25.b5 cxb5 26.cxb5 Rac8 27.Rc1 fxg4 28.Bg2 Rf7 29.Ne2 Rcf8 30.Qd2 Qxd2
31.Nxd2 Rf2 32.Re1 h5 33.Kg1 h4 34.Nc4 Bh6 35.a4 R2f6 36.Nc3 g3 37.a5 Rf2
38.Re2 Rxe2 39.Nxe2 Rf2 40.b6 axb6 41.axb6 Rxe2 42.b7 Re1+ 43.Bf1 Rb1 44.Nxd6 Be3+
45.Kg2 Ba7 46.Bc4+ Kg7 47.hxg3 Rg1+  0-1

[Event "CCA Vermont Open"]
[Site "Stratton Mountain USA"]
[Date "2003.06.04"]
[Round "2"]
[White "Shabalov,A"]
[Black "Perelshteyn,E"]
[Result "1-0"]
[WhiteElo "2592"]
[BlackElo "2461"]

1.d4 Nf6 2.c4 g6 3.Nc3 Bg7 4.e4 d6 5.Nf3 O-O 6.Be2 Na6 7.O-O e5 8.Be3 Ng4
9.Bg5 Qe8 10.dxe5 dxe5 11.h3 f6 12.Bd2 Nh6 13.c5 Nxc5 14.Qc1 Nf7 15.Nd5 Ne6
16.Bb4 c6 17.Bxf8 Qxf8 18.Ne3 Nd6 19.Qc2 f5 20.Nc4 fxe4 21.Nfxe5 Nd4 22.Qd2 c5
23.f4 Be6 24.Ne3 Rd8 25.Qe1 N6f5 26.Bc4 Bxc4 27.N5xc4 Ng3 28.Rf2 Bf6 29.Kh2 Bh4
30.Qa5 Nge2 31.Raf1 b6 32.Qxa7 Bxf2 33.Rxf2 Nf3+ 34.gxf3 Qxf4+ 35.Kh1 exf3
36.Qe7 Rf8 37.Qe6+ Rf7 38.Nd6 Ng3+ 39.Kg1 Ne2+ 40.Kf1 Ng3+  1-0

[Event "IEWCC"]
[Site "Istanbul TUR"]
[Date "2003.06.05"]
[Round "4"]
[White "Matveeva,S"]
[Black "Motoc,A"]
[Result "1/2-1/2"]
[WhiteElo "2474"]
[BlackElo "2358"]

1.d4 Nf6 2.c4 g6 3.Nc3 Bg7 4.e4 d6 5.Nf3 O-O 6.Be2 e5 7.Be3 Ng4 8.Bg5 f6
9.Bh4 g5 10.Bg3 Nh6 11.h3 Nc6 12.d5 Ne7 13.Qc2 Ng6 14.O-O-O f5 15.Nd2 fxe4
16.Ndxe4 Nf5 17.Bg4 Nf4 18.Bxf5 Bxf5 19.f3 a6 20.Rd2 Qe7 21.Nd1 b5 22.Ne3 Bg6
23.h4 bxc4 24.Qxc4 Nh5 25.Be1 gxh4 26.Bxh4 Qd7 27.Bg5 Qb5 28.Rc2 Rf7 29.Ng4 Nf4
30.Bxf4 Rxf4 31.Ngf2 Ra7 32.Qxb5  1/2-1/2

[Event "IEWCC"]
[Site "Istanbul TUR"]
[Date "2003.06.05"]
[Round "4"]
[White "Mira,H"]
[Black "Topel,Z"]
[Result "1-0"]
[WhiteElo "2126"]
[BlackElo "2092"]

1.Nf3 Nf6 2.c4 g6 3.Nc3 Bg7 4.e4 d6 5.d4 O-O 6.Be2 e5 7.d5 Nh5 8.g3 f5 9.Ng5 Nf6
10.h4 h6 11.Ne6 Bxe6 12.dxe6 fxe4 13.Nd5 Nc6 14.Be3 Nxd5 15.Qxd5 Qe7 16.Bg4 h5
17.Bh3 Nd4 18.Qxe4 Nf5 19.O-O-O Qxe6 20.Kb1 Qf7 21.Rhg1 c6 22.Bg5 b5 23.Bxf5 gxf5
24.Qxc6 bxc4 25.Rxd6 Rfc8 26.Qd5 Qxd5 27.Rxd5 c3 28.Rc1 e4 29.Rxf5 cxb2 30.Rxc8+ Rxc8
31.Rd5 a5 32.Rxa5 Rf8 33.Be3 Rd8 34.Rb5 Rd1+ 35.Kc2 Ra1 36.Rb8+ Kf7 37.Rb7+ Kg6
38.Rxg7+ Kxg7 39.Kxb2 Rd1 40.a4 Rd5 41.Kb3 Kf6 42.Kb4 Ke6 43.a5 Kd7 44.a6 Kc6
45.a7 Kb7 46.Kc4 Rd3 47.Bd4 Rd1 48.Kd5 e3 49.fxe3 Rg1 50.Be5 Kxa7 51.Bf4 Kb7
52.e4 Kc8 53.Ke6 Kd8 54.Kf7 Kd7 55.Kg6 Ke6 56.Kxh5 Re1 57.Kg6 Rxe4 58.h5 Ra4
59.h6 Ra8 60.h7 Rc8 61.Bg5 Rf8 62.g4 Ke5 63.Be7 Re8 64.Bf6+ Kf4 65.g5  1-0

[Event "IV Open"]
[Site "Lido Estensi ITA"]
[Date "2003.06.06"]
[Round "1"]
[White "Sulava,N"]
[Black "Danieli,E"]
[Result "1-0"]
[WhiteElo "2516"]
[BlackElo "2120"]

1.e4 c6 2.c4 d6 3.d4 g6 4.Nc3 Bg7 5.Be2 Nf6 6.Nf3 O-O 7.O-O e5 8.d5 Ne8 9.b4 f5
10.c5 h6 11.Ba3 Kh7 12.b5 Qa5 13.Qb3 cxd5 14.Bb4 Qd8 15.Qxd5 a5 16.Ba3 Nf6
17.Qxd6 Nxe4 18.Nxe4 fxe4 19.Nd2 Bf5 20.Qxd8 Rxd8 21.Nc4 Nd7 22.Nd6 Nf8 23.Rfd1 Ne6
24.Nxb7 Rd4 25.c6 Nf4 26.Bf1 Nd5 27.Bc5 e3 28.fxe3 Nxe3 29.Bxd4 exd4 30.Bd3 Be6
31.Rdc1 Be5 32.c7 Nd5 33.Re1 Ne3 34.b6 Bc8 35.Nc5 Bd6 36.Rac1  1-0

[Event "4th IECC"]
[Site "Istanbul TUR"]
[Date "2003.06.07"]
[Round "8"]
[White "San Segundo Carrillo,P"]
[Black "Tzermiadianos,And"]
[Result "1/2-1/2"]
[WhiteElo "2515"]
[BlackElo "2428"]

1.d4 Nf6 2.c4 g6 3.Nc3 Bg7 4.e4 d6 5.Nf3 O-O 6.Be2 e5 7.O-O Nbd7 8.Be3 Ng4
9.Bg5 f6 10.Bh4 Nh6 11.Qd2 Nf7 12.h3 c6 13.Rad1 Re8 14.Qc2 Qe7 15.c5 dxc5
16.dxe5 Ndxe5 17.Nxe5 Nxe5 18.f4 g5 19.Bg3 gxf4 20.Bxf4 b6 21.Rd2 Kh8 22.Nd1 Be6
23.Ne3 Rad8 24.Rxd8 Rxd8 25.Bxe5 fxe5 26.Bc4 Bh6 27.Nf5 Bxf5 28.exf5 Bf4
29.Rd1 Rd4 30.Rxd4 exd4 31.Qe2 Be3+ 32.Kf1 b5 33.Be6 Qh4 34.Qf3 Kg7 35.Ke2 Bg5
36.g3 Qh6 37.Qxc6 Qf6 38.Qxc5 d3+ 39.Kxd3 Qxb2 40.Qd4+ Qxd4+ 41.Kxd4 Kf6
42.Bd7 b4 43.Ba4 Bd2 44.Ke4 h6 45.Bc2 a5 46.Kf3 a4 47.Kg4 a3 48.Bb1 Bc1 49.h4 Bd2
50.Kh3 Bc1 51.g4 Bd2 52.Bc2 Bc1 53.Bb1 Bd2 54.g5+ hxg5 55.h5 g4+ 56.Kxg4 Bc1
57.Kf3 b3 58.axb3 a2 59.Bxa2 Kxf5 60.b4 Ba3 61.b5 Bc5 62.Bb1+ Kg5 63.Bg6 Bb6  1/2-1/2

[Event "FSIM June"]
[Site "Budapest HUN"]
[Date "2003.06.09"]
[Round "3"]
[White "Broomfield,M"]
[Black "Werner,Di"]
[Result "1-0"]
[WhiteElo "2255"]
[BlackElo "2359"]

1.d4 Nf6 2.c4 g6 3.Nc3 Bg7 4.e4 O-O 5.Nf3 d6 6.Be2 e5 7.Be3 h6 8.O-O Ng4
9.Bc1 Nc6 10.d5 Ne7 11.Nd2 h5 12.b4 f5 13.c5 Nf6 14.f3 Bh6 15.Nc4 Bxc1 16.Rxc1 f4
17.Nb5 Ne8 18.Na5 a6 19.c6 bxc6 20.Nc3 c5 21.bxc5 Nf6 22.Na4 Bb7 23.c6 Bc8
24.Qb3 Kh7 25.Nb7 Qe8 26.Nb6 cxb6 27.Nxd6 Qd8 28.Nc4 Nxc6 29.dxc6 Qd4+ 30.Kh1 b5
31.Rfd1 Qf2 32.Qb4 Kg7 33.Nxe5 Re8 34.Qb2 Bh3 35.gxh3 Rxe5 36.Qxe5 Qxe2 37.Rd7+  1-0

[Event "IEWCC"]
[Site "Istanbul TUR"]
[Date "2003.06.10"]
[Round "7"]
[White "Mamedjarova,T"]
[Black "Llaneza Vega,P"]
[Result "1/2-1/2"]
[WhiteElo "2222"]
[BlackElo "2294"]

1.d4 Nf6 2.c4 g6 3.Nc3 Bg7 4.e4 d6 5.Nf3 O-O 6.Be2 e5 7.dxe5 dxe5 8.Qxd8 Rxd8
9.Bg5 Re8 10.Nd5 Nxd5 11.cxd5 c6 12.Bc4 b5 13.Bb3 Bb7 14.Rd1 h6 15.Be3 a6
16.Nh4 cxd5 17.Rc1 Nc6 18.Bxd5 Na5 19.Bxb7 Nxb7 20.Nf3 Nd8 21.O-O Ne6 22.Rfd1 Rac8  1/2-1/2